Catálogo
 En Linea

Documento a ser presentado en el segundo pleno de dirigentes del Movimiento Socialista de los Trabajadores por un grupo de renunciantes : (Registro nro. 45773)

Detalles MARC
000 -CABECERA
campo de control de longitud fija 00633nam a2200133 a 4500
001 - NÚMERO DE CONTROL
campo de control 000046284
005 - FECHA Y HORA DE LA ÚLTIMA TRANSACCIÓN
campo de control 20201002052748.0
008 - DATOS DE LONGITUD FIJA--INFORMACIÓN GENERAL
campo de control de longitud fija 150715s1981 dr a 000 0 spa d
040 ## - FUENTE DE LA CATALOGACIÓN
Centro catalogador/agencia de origen DO-SdBNP
Lengua de catalogación spa
Centro/agencia transcriptor BNPHU
245 00 - MENCIÓN DE TÍTULO
Título Documento a ser presentado en el segundo pleno de dirigentes del Movimiento Socialista de los Trabajadores por un grupo de renunciantes :
Resto del título Nuestra posición ante una política errada en el Movimiento Socialista de los Trabajadores.
246 13 - FORMA VARIANTE DE TÍTULO
Título propio/Titulo breve Critica a la política del Movimiento de los Trabajadores
260 ## - PUBLICACIÓN, DISTRIBUCIÓN, ETC.
Lugar de publicación, distribución, etc. Santo Domingo :
Nombre del editor, distribuidor, etc. Movimiento Socialista de los Trabajadores,
Fecha de publicación, distribución, etc. 1981.
300 ## - DESCRIPCIÓN FÍSICA
Extensión 28 p. ;
Dimensiones 21 cm.
Existencias
Estado de retiro Estado de pérdida No para préstamo Código de colección Localización permanente Ubicación/localización actual Ubicación en estantería Fecha de adquisición Número de inventario Total de préstamos Signatura topográfica completa Código de barras Fecha visto por última vez Precio válido a partir de Tipo de ítem Koha Nota pública
    Excluido de préstamo Patrimonio Dominicano Patrimonio Dominicano Patrimonio Dominicano Depósito 15.07.2015 LF1   46284-10 25.06.2020 25.06.2020 Libro y Folleto Colección Patrimonio Dominicano Perteneció a la biblioteca personal de Chiqui Vicioso / Fidelio Despradel.

Con tecnología Koha